Sports Quiz

Random Sports or Numbers Quiz

NHL scoring leaders by jersey number Quiz Stats

Quiz not verified by Sporcle

Also try: NFL Leaders (2012)
Challenge
Share
Tweet
Embed
Score 0/200 Timer 20:00
0 Plays Today
Number Name % Correct
8Alex Ovechkin
88%
87Sidney Crosby
86.7%
71Jevgeni Malkin
82.9%
22Daniel Sedin
75.9%
33Henrik Sedin
75.9%
4Vincent Lecavalier
75.3%
18Mike Richards
72.8%
88Patrick Kane
72.8%
91Brad Richards
72.8%
12Patrick Marleau
72.2%
19Joe Thornton
72.2%
40Henrik Zetterberg
72.2%
12Jarome Iginla
71.5%
13Pavel Datsyuk
71.5%
26Martin St. Louis
70.9%
11Jordan Staal
70.3%
12Eric Staal
70.3%
15Dany Heatley
70.3%
5Nicklas Lidström
68.4%
17Ilja Kovalchuk
68.4%
15Ryan Getzlaf
66.5%
19Nicklas Bäckström
66.5%
2Duncan Keith
64.6%
11Daniel Alfredsson
64.6%
28Alexander Semin
64.6%
91Steven Stamkos
64.6%
10Corey Perry
63.9%
17Jeff Carter
63.9%
61Rick Nash
63.9%
81Marian Hossa
63.3%
9Zach Parise
62.7%
52Mike Green
62.7%
8Teemu Selänne
62%
10Marian Gaborik
61.4%
33Zdeno Chara
61.4%
11Anze Kopitar
58.2%
9Mikko Koivu
57.6%
11Saku Koivu
57.6%
91Scott Gomez
57.6%
20Chris Pronger
56.3%
37Patrice Bergeron
51.3%
81Phil Kessel
51.3%
47Marc-Andre Bergeron
50.6%
6Erik Johnson
49.4%
17Ryan Kesler
48.7%
94Ryan Smyth
48.7%
6Shea Weber
46.8%
23Dustin Brown
46.8%
9Bobby Ryan
46.2%
26Paul Stastny
46.2%
16Nathan Horton
45.6%
27Scott Niedermayer
45.6%
48Danny Briere
45.6%
55Sergei Gonchar
45.6%
13Ray Whitney
44.9%
22Dan Boyle
44.9%
33Jason Blake
44.9%
93Johan Franzen
44.9%
8Drew Doughty
44.3%
10Patrick Sharp
43.7%
23Milan Hejduk
43.7%
36Jussi Jokinen
43.7%
79Andrei Markov
43.7%
27Alexei Kovalev
43%
83Ales Hemsky
43%
63Mike Ribeiro
41.8%
96Tomas Holmström
41.1%
Number Name % Correct
14Alex Burrows
39.9%
2Mark Streit
39.2%
8Joe Pavelski
38.6%
13Mike Cammalleri
38.6%
42David Backes
38%
80Nik Antropov
37.3%
51Brian Campbell
36.7%
29Jason Pominville
34.2%
15Jamie Langenbrunner
33.5%
46David Krejci
33.5%
46Andrei Kostitsyn
32.9%
74Sergei Kostitsyn
32.9%
93Doug Weight
32.9%
86Wojtek Wolski
32.3%
7Keith Tkachuk
31.6%
24Alexander Frolov
31%
27Dustin Penner
31%
21Loui Eriksson
30.4%
44Kimmo Timonen
30.4%
61Maxim Afinogenov
30.4%
89Sam Gagner
30.4%
18Matt Stajan
29.7%
24Ryan Callahan
29.7%
44Todd Bertuzzi
29.7%
23Alexei Ponikarovsky
29.1%
14Tomas Plekanec
28.5%
22Mike Knuble
28.5%
58Kris Letang
27.8%
74T.J. Oshie
27.2%
38Pavol Demitra
26.6%
21Brooks Laich
25.9%
24Bryan McCabe
25.9%
57Tyler Myers
25.9%
19Tim Connolly
25.3%
28Claude Giroux
25.3%
88Peter Mueller
24.7%
53Derek Morris
24.1%
84Mikhail Grabovsky
24.1%
20Vaclav Prospal
23.4%
32Kris Versteeg
23.4%
77Victor Hedman
23.4%
73Jarkko Ruutu
22.8%
48Guillaume Latendresse
22.2%
73Michael Ryder
22.2%
18James Neal
21.5%
20Kristian Huselius
21.5%
55Ed Jovanovski
21.5%
71J.P. Dumont
21.5%
57David Perron
20.9%
26Mikael Samuelsson
20.3%
54David Jones
20.3%
4John-Michael Liles
19.6%
3Marek Zidlicky
18.4%
77Joe Corvo
18.4%
93Jakub Voracek
18.4%
96Pierre-Marc Bouchard
18.4%
16Brandon Sutter
17.7%
39Tobias Enström
17.7%
77Pavel Kubina
17.7%
4Mike Del Zotto
17.1%
5Christian Ehrhoff
17.1%
29Ryane Clowe
17.1%
3Keith Yandle
16.5%
75Hal Gill
16.5%
3Stephane Robidas
15.8%
47Rich Peverley
15.8%
50Antoine Vermette
15.8%
Number Name % Correct
14Tomas Fleischmann
15.2%
25Joni Pitkänen
15.2%
29Joel Ward
15.2%
44Roman Hamrlik
15.2%
52Craig Rivet
15.2%
25Chris Stewart
14.6%
61Cory Stillman
14.6%
82Tomas Kopecky
13.9%
7Trent Hunter
13.3%
21Mason Raymond
13.3%
37Ryan O'Reilly
13.3%
48Tyler Kennedy
12.7%
55Jochen Hecht
12.7%
67Alexander Frolik
12.7%
5Mark Giordano
12%
97Rostislav Klesla
12%
16Eric Fehr
11.4%
28Jarret Stoll
11.4%
41Nikolai Kulemin
10.8%
51Frans Nielsen
10.8%
59Chad LaRose
10.8%
7Matt Cullen
10.1%
45Cam Barker
10.1%
85Rostisval Olesz
9.5%
97Matt Gilroy
9.5%
32Travis Moen
8.9%
43Darren Helm
8.9%
25Jason Chimera
8.2%
39John Mitchell
8.2%
71Nick Foligno
8.2%
2Keith Ballard
7.6%
39T.J. Galiardi
7.6%
41Clarke MacArthur
7%
51Fedor Tyutin
7%
59Brandon Yip
7%
74Jay McKee
7%
96Fabian Brunnström
7%
67Gilbert Brule
6.3%
40Maxim Lapierre
5.7%
45Arron Asham
5.7%
57Blake Comeau
5.7%
89Mikkel Boedker
5.7%
52Jonathan Ericsson
5.1%
6Anton Strålman
4.4%
36Patrick Kaleta
4.4%
34James Wisniewski
3.8%
34Petr Prucha
3.8%
58Jesse Joensuu
3.8%
60Jason Demers
3.8%
37Denis Grebeshkov
3.2%
42Artem Anisimov
3.2%
42Dan Sexton
3.2%
34Chris Butler
1.9%
38Jack Hillen
1.9%
40Kent Huskins
1.9%
43Peter Regin
1.9%
43Dmitry Kulikov
1.9%
32Cody Franson
1.3%
45Alexandre Picard
1.3%
46Roman Polak
1.3%
50Troy Bodie
1.3%
63Scott Parse
1.3%
76Evgeny Artyukhin
1.3%
36Darroll Powe
0.6%
38Dave Scatchard
0.6%
41Jed Ortmeyer
0%

You're not logged in!

Compare scores with friends on all Sporcle quizzes.
Sign Up with Email
OR
Log In

You Might Also Like...

Show Comments

Extras

Top Quizzes Today


Score Distribution

Your Account Isn't Verified!

In order to create a playlist on Sporcle, you need to verify the email address you used during registration. Go to your Sporcle Settings to finish the process.

Report this User

Report this user for behavior that violates our Community Guidelines.

Details: